[Event "Olympiad"]
[Site "Bled SLO"]
[Date "2002.10.31"]
[Round "6"]
[White "Speck,N"]
[Black "Baumegger,S"]
[Result "1-0"]
[WhiteElo "2371"]
[BlackElo "2359"]

1.e4 e6 2.d4 d5 3.Nc3 Nf6 4.e5 Nfd7 5.f4 c5 6.Nf3 Nc6 7.Be3 a6 8.Qd2 b5 9.dxc5 Bxc5
10.Bxc5 Nxc5 11.Bd3 b4 12.Ne2 Qb6 13.Ned4 Nxd4 14.Nxd4 Bd7 15.Qe3 O-O 16.O-O f6
17.Kh1 Rae8 18.Rae1 Na4 19.exf6 Rxf6 20.Rb1 Qd6 21.Nf3 Qxf4 22.Qa7 Qb8 23.Qxb8 Rxb8
24.Bxa6 Nc5 25.Be2 Ne4 26.Ne5 Bb5 27.Bxb5 Rxb5 28.Nd3 Nc5 29.Ne5 Ra5 30.a3 b3
31.cxb3 Nxb3 32.Nd3 Nd2 33.Rxf6 gxf6 34.Rc1 Nc4 35.Kg1 Kf7 36.Ra1 e5 37.a4 e4
38.b4 Ra8 39.Nc5 Ke7 40.Rd1 Ne3 41.Re1 Nc2 42.Re2 Nxb4 43.Nxe4 Kf7 44.Nd6+ Kg6
45.Re8 Rxe8 46.Nxe8 Kf7 47.Nc7 Ke7 48.Kf2 Kd6 49.Nb5+ Kc5 50.Ke3 Kc4 51.Nd4 Na6
52.Ne6 Nb4 53.a5 Nc6 54.a6 Na7 55.h4 Kb5 56.Kd4 Kc6 57.Nf8 Nb5+ 58.Ke3 Kd6
59.Nxh7 Ke7 60.g4 Kf7 61.Nxf6 Kxf6 62.Kf4 Ke6 63.h5 Na7 64.g5 Nc6 65.h6 Kf7
66.Kf5 d4 67.g6+ Kg8 68.Kf6 d3 69.h7+ Kh8 70.a7  1-0

[Event "FSIM Nov"]
[Site "Budapest HUN"]
[Date "2002.11.03"]
[Round "2"]
[White "Farago,S"]
[Black "Fucak,E"]
[Result "1-0"]
[WhiteElo "2299"]
[BlackElo "2322"]

1.e4 e6 2.d4 d5 3.Nc3 Nf6 4.e5 Nfd7 5.Nce2 c5 6.c3 Nc6 7.f4 b6 8.Nf3 Ba6
9.Kf2 Qc7 10.Be3 Be7 11.Ng3 Bxf1 12.Rxf1 h5 13.f5 h4 14.Ne2 O-O-O 15.fxe6 fxe6
16.Nf4 Ndxe5 17.dxe5 Nxe5 18.Kg1 Qd6 19.Bd2 Bf6 20.Nxe5 Bxe5 21.Qg4 Rh6 22.h3 d4
23.Rae1 Rf6 24.Nxe6 Rd7 25.Ng5 dxc3 26.Bxc3 Bd4+ 27.Kh1 Qg3 28.Rxf6 gxf6
29.Re8+ Kc7 30.Ne6+ Kd6 31.Nxd4 Qxg4 32.hxg4 cxd4 33.Bxd4 Rg7 34.Re4  1-0

[Event "Olympiad"]
[Site "Bled SLO"]
[Date "2002.11.07"]
[Round "12"]
[White "Nijboer,F"]
[Black "Arizmendi Martinez,J"]
[Result "1-0"]
[WhiteElo "2556"]
[BlackElo "2510"]

1.e4 e6 2.d4 d5 3.Nc3 Nf6 4.e5 Nfd7 5.f4 c5 6.Nf3 Nc6 7.Be3 a6 8.Qd2 cxd4
9.Nxd4 Bc5 10.O-O-O O-O 11.Nb3 b6 12.Ne2 Qe7 13.Ned4 Nxd4 14.Nxd4 f6 15.exf6 Nxf6
16.Bd3 Bb7 17.Nf3 Rad8 18.Bd4 Bxd4 19.Nxd4 Ne4 20.Qe3 e5 21.Bxe4 dxe4 22.Qb3+ Rd5
23.Nf5 Rxf5 24.Rxd5 Bxd5 25.Qxd5+ Qf7 26.Qxe4 Qxa2 27.Qxf5 Qa1+ 28.Kd2 Qxh1
29.Qe6+ Kf8 30.Qd6+ Kf7 31.Qd5+ Kf8 32.fxe5 Qxh2 33.b4 Qf4+ 34.Kc3 h5 35.e6 Qc7+
36.Kb2 Ke7 37.Qxh5 Qf4 38.c3 Qf2+ 39.Kb3 Qf6 40.c4 Qxe6 41.Qg5+ Kf7 42.Qf4+ Kg8
43.Ka3 Qg6 44.Qf3 Qb1 45.Qd5+ Kh7 46.c5 Qa1+ 47.Kb3 Qb1+ 48.Kc3 Qc1+ 49.Kd4 Qb2+
50.Ke3 bxc5 51.bxc5 a5 52.c6 Qc1+ 53.Kf3 Qc3+ 54.Kf4 Qc1+ 55.Ke5 g6 56.Qf7+ Kh8
57.Kd6 Qd2+ 58.Qd5 Qb4+ 59.Kd7 Qa4 60.Kc8 Qg4+ 61.Kb7 Qb4+ 62.Ka7 Kh7 63.c7 Qe7
64.Qb7  1-0

[Event "14th Open"]
[Site "Leuven BEL"]
[Date "2002.11.11"]
[Round "6"]
[White "Van Mechelen,J"]
[Black "Croonenborghs,T"]
[Result "0-1"]
[WhiteElo "2305"]
[BlackElo "2193"]

1.e4 e6 2.d4 d5 3.Nc3 Nf6 4.e5 Nfd7 5.Nf3 c5 6.dxc5 Nc6 7.Bf4 a6 8.Bd3 Nxc5
9.O-O b5 10.a3 Be7 11.Ne2 g5 12.Bg3 f5 13.exf6 Bxf6 14.Ned4 Nxd4 15.Nxd4 Qe7
16.Nc6 Qg7 17.f4 Bxb2 18.Rb1 Nxd3 19.Qxd3 Bb7 20.Rfe1 Bxc6 21.Rxe6+ Kd7 22.Qf5 Bd4+
23.Kh1 Rhf8 24.Rf6+ Kc7 25.fxg5+ Kb7 26.Rf1 Bxf6 27.gxf6 Qf7 28.Qf2 Rae8
29.Qc5  0-1

[Event "Tch-SWE 2002-3"]
[Site "Sweden SWE"]
[Date "2002.11.16"]
[Round "4"]
[White "Djurhuus,R"]
[Black "Jepson,C"]
[Result "1-0"]
[WhiteElo "2479"]
[BlackElo "2412"]

1.e4 e6 2.d4 d5 3.Nc3 Nf6 4.e5 Nfd7 5.Nce2 c5 6.c3 cxd4 7.cxd4 f6 8.f4 fxe5
9.dxe5 Qb6 10.Nf3 Nc6 11.Nc3 Bb4 12.a3 Bxc3+ 13.bxc3 Nc5 14.Qc2 O-O 15.Ng5 Rf5
16.Rb1 Qc7 17.g4 Rxg5 18.fxg5 Qxe5+ 19.Be2 Ne4 20.O-O Qxc3 21.Bd3 Qxc2 22.Bxc2 Nc3
23.Rb2 Ne2+ 24.Kf2 Ned4 25.Bb1 b6 26.Kg3 Ba6 27.Re1 e5 28.Rf2 Rd8 29.Bb2 e4
30.h4 Bc4 31.h5 Nf3 32.Rc1 Nxg5 33.h6 gxh6 34.Rf6 Ne7 35.Rxh6 Rf8 36.Bf6 Nf3
37.Bxe7 Rf7 38.Bf6 b5 39.g5 Kf8 40.Rch1 Nxg5 41.Bxg5 Rf3+ 42.Kg2 Kf7 43.Ra6  1-0

[Event "TCh-BEL 2002-3"]
[Site "Belgium BEL"]
[Date "2002.11.24"]
[Round "3"]
[White "Antoniewski,R"]
[Black "Glek,I"]
[Result "0-1"]
[WhiteElo "2491"]
[BlackElo "2576"]

1.e4 e6 2.d4 d5 3.Nc3 Nf6 4.e5 Nfd7 5.f4 c5 6.Nf3 Nc6 7.Ne2 b5 8.a3 Rb8 9.dxc5 Bxc5
10.b4 Bb6 11.c3 a5 12.Ned4 Bxd4 13.cxd4 axb4 14.axb4 Qe7 15.Bd2 O-O 16.Bd3 f5
17.Qb3 Rb7 18.O-O Na7 19.Ra6 Nb6 20.Rfa1 h6 21.Qa2 Rf7 22.Qa5 Nc4 23.Bxc4 bxc4
24.Rd6 Nb5 25.Rc6 Qe8 26.Ra6 c3 27.Be3 Ra7 28.Qb6 Rxa6 29.Rxa6 Bxa6 30.Qxa6 Ra7
31.Qb6 Ra1+ 32.Kf2 Ra2+ 33.Kf1 Na3 34.Qa6 Qb5+  0-1

[Event "ch-POL sf"]
[Site "Lubniewice POL"]
[Date "2002.12.03"]
[Round "4"]
[White "Ejsmont,K"]
[Black "Tworuszka,M"]
[Result "1-0"]
[WhiteElo "2100"]
[BlackElo "2256"]

1.e4 e6 2.d4 d5 3.Nc3 Nf6 4.e5 Nfd7 5.Nce2 c5 6.c3 Nc6 7.Nf3 b5 8.a3 cxd4
9.cxd4 b4 10.axb4 Nxb4 11.Nc3 Be7 12.Be2 O-O 13.O-O Nb6 14.Be3 a5 15.Nd2 Bd7
16.f4 f6 17.Kh1 Qb8 18.h3 Rc8 19.g4 fxe5 20.dxe5 a4 21.Bd4 Nc6 22.Nf3 Nxd4
23.Qxd4 Qb7 24.Nd2 Bc5 25.Qd3 Bb4 26.Na2 Bxd2 27.Qxd2 Nc4 28.Bxc4 Rxc4 29.Rf2 Bc6
30.Kh2 Rb8 31.Re1 d4 32.f5 Be4 33.Qf4 Bd5 34.f6 Qf7 35.Nc1 d3 36.Qe3 Re4
37.Qd2 Rxe1 38.Qxe1 gxf6 39.Nxd3 Qg6 40.exf6 Rf8 41.Ne5 Qe4 42.Qxe4 Bxe4
43.g5 Bf5 44.h4 Rd8 45.h5 Rd4 46.g6 Rh4+ 47.Kg3 hxg6 48.hxg6 Rd4 49.g7 Rd5
50.Rh2  1-0

[Event "TCh-AUT 2002-3"]
[Site "Frohnleiten AUT"]
[Date "2002.12.07"]
[Round "3"]
[White "Polzin,R"]
[Black "Schmittdiel,E"]
[Result "1/2-1/2"]
[WhiteElo "2462"]
[BlackElo "2491"]

1.e4 e6 2.d4 d5 3.Nc3 Nf6 4.e5 Nfd7 5.f4 c5 6.Nf3 Nc6 7.Be3 a6 8.Qd2 b5 9.a3 Qb6
10.Qf2 Qa5 11.Rb1 b4 12.axb4 cxb4 13.Ne2 f5 14.h3 h5 15.Nc1 Qc7 16.Bd3 Be7
17.Ne2 a5 18.Qg3 Nf8 19.O-O Rh7 20.Rfc1 h4 21.Qe1 Ba6 22.Qd2 Bxd3 23.Qxd3 Qd7
24.c4 bxc3 25.bxc3 Rh8 26.Qb5 Ng6 27.Qa4 Ncxe5 28.Qxd7+ Nxd7 29.c4 dxc4 30.Rxc4 Nf6
31.Ra4 Nd5 32.Bd2 Bd6 33.Rb7 Ngxf4 34.Nxf4 Bxf4 35.Rxa5 Rxa5 36.Bxa5 Rg8
37.Nxh4 Be3+ 38.Kf1 Bxd4 39.Ng6 Bf6 40.Rb8+ Kf7 41.Nh8+ Rxh8 42.Rxh8 Bd4  1/2-1/2

[Event "Tch-SWE 2002-3"]
[Site "Sweden SWE"]
[Date "2002.12.07"]
[Round "5"]
[White "Mortensen,E"]
[Black "Brynell,S"]
[Result "1/2-1/2"]
[WhiteElo "2453"]
[BlackElo "2534"]

1.e4 e6 2.d4 d5 3.Nc3 Nf6 4.e5 Nfd7 5.Nf3 c5 6.Bb5 a6 7.Bxd7+ Bxd7 8.Be3 cxd4
9.Bxd4 Nc6 10.Ne2 Be7 11.O-O O-O 12.Re1 Rc8 13.c3 b5 14.a3 a5 15.b4 Qc7 16.Qd2 Ra8
17.Nf4 Nxd4 18.cxd4 axb4 19.axb4 Ra4 20.Nd3 Rfa8 21.Rac1 Qa7 22.Nc5 Ra2 23.Rc2 Be8
24.Rec1 Rxc2 25.Rxc2 Qa1+ 26.Rc1 Qa2 27.Qe1 Qb2 28.h4 Ra3 29.Rb1 Qa2 30.Nb7 Ra7
31.Nc5 Ra3 32.Nb7 Ra7 33.Nc5 Ra3  1/2-1/2

[Event "Friendship A"]
[Site "Roznov CZE"]
[Date "2002.12.09"]
[Round "5"]
[White "Guidarelli,L"]
[Black "Obsivac,J"]
[Result "0-1"]
[WhiteElo "2406"]
[BlackElo "2344"]

1.e4 e6 2.d4 d5 3.Nc3 Nf6 4.e5 Nfd7 5.f4 c5 6.Nf3 a6 7.Be3 Nc6 8.Qd2 b5 9.a3 Bb7
10.Qf2 Qb6 11.dxc5 Bxc5 12.Bxc5 Qxc5 13.Bd3 Rc8 14.Ne2 Qxf2+ 15.Kxf2 Ke7
16.Ned4 Nc5 17.Ke3 Nb8 18.h4 Nbd7 19.h5 h6 20.g4 Ne4 21.Rag1 f6 22.b3 Rhg8
23.Rh2 Rce8 24.Rd1 Rc8 25.Nh4 fxe5 26.Ng6+ Kd6 27.fxe5+ Nxe5 28.Bxe4 Nxg4+
29.Kf4 Nxh2 30.Bg2 e5+ 31.Nxe5 Rgf8+ 32.Kg3 Kxe5 33.Kxh2 Rf4 34.Nf3+ Rxf3
35.Bxf3 Rxc2+ 36.Kg3 Rc3 37.Re1+ Kd6 38.Kf4 Rc7 39.Rd1 Rf7+ 40.Ke3 Ke5 41.Re1 Rf4
42.Bg2 Rf5 43.Bf3 Rf6 44.Be2 Rf5 45.Bf3 Bc6 46.Bg4 Rf6 47.Kd3+ Kd6 48.Bd1 g5
49.hxg6 Rxg6 50.Re3 Rf6 51.b4 Bd7 52.Kc3 Rf4 53.Rg3 Bf5 54.Bf3 Ke5 55.Be2 d4+
56.Kd2 Rf2 57.Ke1 Rh2 58.Rg8 d3 59.Bf1 d2+ 60.Kd1 Rh1  0-1

[Event "Salona Rapid 1hr"]
[Site "Solin-Spilt CRO"]
[Date "2002.12.17"]
[Round "12"]
[White "Zelcic,R"]
[Black "Kovacevic,Vlat"]
[Result "0-1"]
[WhiteElo "2554"]
[BlackElo "2500"]

1.e4 e6 2.d4 d5 3.Nc3 Nf6 4.e5 Nfd7 5.f4 c5 6.Nf3 Nc6 7.Be3 a6 8.Qd2 b6 9.Be2 Qc7
10.O-O Be7 11.Kh1 O-O 12.Rad1 f6 13.f5 cxd4 14.Nxd4 Nxd4 15.Bxd4 Nxe5 16.fxe6 Bxe6
17.Bxe5 Qxe5 18.Bf3 Bd6 19.g3 Rae8 20.Nxd5 Bxd5 21.Qxd5+ Qxd5 22.Bxd5+ Kh8
23.Bb7 Be5 24.c3 a5 25.Rd5 Rd8 26.Rfd1 Rxd5 27.Rxd5 g6 28.a4 Rf7 29.Rd8+ Kg7
30.Ba6 h5 31.Kg2 Re7 32.Bc4 f5 33.Rg8+ Kh7 34.Rd8 Kg7 35.Kf3 Bc7 36.Rd3 Kf6
37.Re3 Be5 38.Rd3 g5 39.Rd8 g4+ 40.Kf2 f4 41.Rf8+ Kg5 42.Bd3 fxg3+ 43.hxg3 Bxg3+
44.Kg2 Be5 45.Rf5+ Kh4 46.Bc4 Bd6 47.b4 axb4 48.cxb4 Bxb4 49.Bf7 Re2+ 50.Kf1 Rd2
51.Rxh5+ Kg3 52.Rf5 Rb2 53.Bd5 Bd6 54.Bc6 Rc2 55.Bd7 Bf4 56.Rf6 Rf2+ 57.Kg1 Rf3
58.Rf5 Ra3 59.Kf1 Ra2 60.Ke1 Rf2 61.Rb5 Bd2+ 62.Kd1 Be3 63.Rb3 Rd2+ 64.Ke1 Rxd7
65.Rxe3+ Kh2 66.Re6 Rd4 67.Rxb6 Rxa4 68.Rb2+ Kh3 69.Kf2 Ra1 70.Rb3+ Kh2 71.Rb2 g3+
72.Kf3+ Kh3 73.Rb7 Rf1+ 74.Ke2 g2 75.Rh7+ Kg3 76.Rg7+ Kh2 77.Rh7+ Kg1 78.Rh5 Rf4
79.Rh6 Rf5 80.Rh4 Re5+  0-1

[Event "Rotary Open"]
[Site "Lindsborg Kansas USA"]
[Date "2002.12.20"]
[Round "4"]
[White "Ellis,J"]
[Black "Jungman,G"]
[Result "1/2-1/2"]
[WhiteElo "2161"]
[BlackElo "2051"]

1.e4 e6 2.d4 d5 3.Nc3 Nf6 4.e5 Nfd7 5.Nce2 c5 6.c3 Nc6 7.f4 b5 8.a3 b4 9.Nf3 a5
10.h4 Ba6 11.Rh3 Be7 12.f5 Bxe2 13.Bxe2 cxd4 14.cxd4 Qb6 15.Be3 O-O-O 16.Qa4 Kb7
17.Bd3 h6 18.Kf1 Rhe8 19.Rg3 Bf8 20.Bf2 Rc8 21.h5 Rc7 22.Rg4  1/2-1/2

[Event "TCh-BEL 2002-3"]
[Site "Belgium BEL"]
[Date "2002.12.23"]
[Round "5"]
[White "Thirion,M"]
[Black "Michiels,B"]
[Result "0-1"]
[WhiteElo "2187"]
[BlackElo "2254"]

1.e4 e6 2.d4 d5 3.Nc3 Nf6 4.e5 Nfd7 5.f4 c5 6.dxc5 Bxc5 7.Qg4 O-O 8.Bd3 f5
9.Qh3 Nc6 10.a3 Be7 11.g4 Nc5 12.gxf5 Nxd3+ 13.Qxd3 Bh4+ 14.Kd1 Rxf5 15.Nf3 Be7
16.Ne2 Bd7 17.h4 Be8 18.Ned4 Nxd4 19.Nxd4 Bh5+ 20.Ke1 Bg6 21.Qh3 Rh5 22.Qxe6+ Kh8
23.Be3 Be4 24.Rg1 Rxh4 25.f5 Rh2 26.Qf7 Bh4+ 27.Kd1 Qf8 28.Qh5 Bg3 29.Qg4 Bxe5
30.c3 Qf6 31.Bg5 Qa6 32.Bf4 Rxb2 33.Bxe5 Qd3+ 34.Ke1 Qd2+  0-1

[Event "26th Christmas Open Masters"]
[Site "Zurich SUI"]
[Date "2002.12.27"]
[Round "3"]
[White "Kneifel,S"]
[Black "Kurmann,O"]
[Result "0-1"]
[WhiteElo "2109"]
[BlackElo "2240"]

1.Nc3 e6 2.e4 d5 3.d4 Nf6 4.e5 Nfd7 5.f4 c5 6.Nf3 Nc6 7.Be3 cxd4 8.Bxd4 Nxd4
9.Nxd4 Bc5 10.Nb3 Qc7 11.Qf3 a6 12.Nxc5 Qxc5 13.O-O-O O-O 14.Bd3 b5 15.g4 Bb7
16.h4 b4 17.Ne2 a5 18.h5 a4 19.g5 Ba6 20.Nd4 a3 21.bxa3 bxa3 22.Bxh7+ Kxh7
23.g6+ Kg8 24.h6 Qb6 25.hxg7 Qb2+ 26.Kd2 Qxd4+ 27.Ke1 Qe4+ 28.Qxe4 dxe4 29.gxf8=Q+ Nxf8
30.gxf7+ Kxf7 31.Rd6 Bc4 32.Kd2 Bxa2 33.Ra1 Bc4 34.Ke3 a2 35.Rb6 Bd5 36.Kd4 Ra4+
37.Kc3 Ng6 38.f5 exf5 39.Rf6+ Kg7 40.Rxf5 e3 41.Rg5 Kf7 42.Kd3 Re4 43.Rf5+ Ke7
44.c4 Nxe5+ 45.Rxe5+ Rxe5 46.Kd4 Kf6 47.Rf1+ Bf3  0-1

[Event "XVIII Winter Open"]
[Site "Nice FRA"]
[Date "2002.12.29"]
[Round "5"]
[White "Guidarelli,L"]
[Black "Battaglini,G"]
[Result "0-1"]
[WhiteElo "2406"]
[BlackElo "2229"]

1.e4 e6 2.d4 d5 3.Nc3 Nf6 4.e5 Nfd7 5.f4 c5 6.Nf3 Nc6 7.Be3 cxd4 8.Nxd4 Bb4
9.Be2 Qa5 10.O-O Nxd4 11.Bxd4 Bc5 12.Kh1 Bxd4 13.Qxd4 Qb6 14.Qd2 O-O 15.Rf3 f6
16.exf6 Nxf6 17.b3 Bd7 18.Bd3 Bc6 19.Re1 Rae8 20.Nd1 Ne4 21.Qe3 d4 22.Qe2 Nc5
23.Rh3 Nxd3 24.Qxd3 g6 25.Rh6 Re7 26.Qg3 Qc5 27.c4 e5 28.fxe5 Qxe5 29.Rg1 Qe2
30.Rh4 Be4 31.Rf4 Rxf4 32.Qxf4 Bxg2+ 33.Rxg2 Qxd1+ 34.Rg1 Qe2 35.Rg2 d3 36.Qd2 Qe1+  0-1

[Event "Open A"]
[Site "Bethune FRA"]
[Date "2002.12.30"]
[Round "7"]
[White "Cappon,J"]
[Black "Marechal,A"]
[Result "1/2-1/2"]
[WhiteElo "2175"]
[BlackElo "2248"]

1.e4 e6 2.d4 d5 3.Nc3 Nf6 4.e5 Nfd7 5.f4 c5 6.Nf3 Nc6 7.Be3 cxd4 8.Nxd4 Bc5
9.Qd2 O-O 10.O-O-O a6 11.h4 Nxd4 12.Bxd4 b5 13.Rh3 b4 14.Na4 Bxd4 15.Qxd4 a5
16.g4 Qc7 17.h5 Ba6 18.h6 Rfc8 19.c3 g6 20.Bxa6 Rxa6 21.b3 Nb6 22.Nxb6 Rxb6
23.Kb2 Rc6 24.Rdd3 Qb8 25.f5 Qc7 26.fxg6 fxg6 27.Rhf3 Qe7 28.Qf4 bxc3+ 29.Rxc3 Rxc3
30.Rxc3 Rxc3 31.Kxc3 g5 32.Qa4 Qc7+ 33.Kd4 Kf7 34.Qb5 Kg6  1/2-1/2

[Event "38th Junior"]
[Site "Hallsberg SWE"]
[Date "2003.01.05"]
[Round "9"]
[White "Andersson,Fre2"]
[Black "Vovk,Ok"]
[Result "1/2-1/2"]
[WhiteElo "2162"]
[BlackElo "2088"]

1.e4 e6 2.d4 d5 3.Nc3 Nf6 4.e5 Nfd7 5.f4 c5 6.Nf3 Nc6 7.Be3 a6 8.Qd2 b5 9.dxc5 Bxc5
10.Bxc5 Nxc5 11.Qf2 Qb6 12.Bd3 Rb8 13.O-O Bd7 14.Ne2 Nb4 15.Rfd1 Na4 16.Qxb6 Nxb6
17.b3 Ke7 18.Kf2 Nxd3+ 19.cxd3 Rhc8 20.Rac1 b4 21.Rxc8 Rxc8 22.Rc1 a5 23.Rxc8 Nxc8
24.Ke3 Bb5 25.Ned4 Na7 26.g4 f6 27.h4 Bd7 28.h5 fxe5 29.fxe5 h6 30.Nh4 Be8
31.Ng2 Nc8 32.Nf4 Bd7 33.Nf3 Na7 34.Nd4 Nc8 35.Kf3 Nb6 36.Ng6+ Kf7 37.Kf4 Na8
38.Ke3 Nc7 39.Nf4 Na6 40.Nde2 Nb8 41.Kd4 Na6 42.Ng6 Bb5 43.Nef4 Bc6 44.Nh3 Bd7
45.g5 Be8 46.gxh6 gxh6 47.Ngf4 a4 48.Nf2 axb3 49.axb3 Bd7 50.Ng4 Kg7 51.Nf6 Bc8
52.Ng2 Bb7 53.Ne8+ Kf8 54.Nd6 Bc6 55.Ne3 Kg8 56.Ng4 Kg7 57.Nf6 Kf8 58.Nh7+ Kg7
59.Nf6 Kf8 60.Nc8 Bb7 61.Nb6 Bc6 62.Nbd7+ Kf7 63.Nb6 Bb7 64.Ng4 Kg7 65.Nd7 Bc6
66.Ndf6 Bb5 67.Nf2 Bc6 68.Nh3 Bb7 69.Nf4 Bc8 70.Ne8+ Kf8 71.Nd6 Bd7 72.Nb7 Bc8
73.Ng6+ Kg7 74.Nc5 Nc7 75.Ne7 Ba6 76.Nxa6 Nxa6 77.Ng6 Kf7 78.Nf4 Ke7 79.Ng6+ Kf7
80.Nf4 Ke7 81.Ng6+  1/2-1/2

[Event "LXIX ch-BRA"]
[Site "Brasilia BRA"]
[Date "2003.01.10"]
[Round "2"]
[White "Matsuura,E"]
[Black "Haro,P"]
[Result "1-0"]
[WhiteElo "2438"]
[BlackElo "2146"]

1.e4 e6 2.d4 d5 3.Nc3 Nf6 4.e5 Nfd7 5.Nce2 c5 6.c3 Nc6 7.f4 Qb6 8.Nf3 cxd4
9.cxd4 Be7 10.h4 f6 11.a3 O-O 12.b4 a5 13.b5 Qxb5 14.Nc3 Qb6 15.Rb1 Qd8 16.Bd3 f5
17.Qc2 a4 18.Nb5 Ndb8 19.g4 Na6 20.Qg2 Nc7 21.gxf5 exf5 22.Nxc7 Qxc7 23.Qa2 Qd8
24.Be3 Na5 25.Kf2 h6 26.Rbg1 Be6 27.Rg6 Bf7 28.Rg3 Bh5 29.Rhg1 Bg4 30.Rxg4 fxg4
31.Rxg4 Rc8 32.f5 Kh8 33.Bxh6 gxh6 34.Qd2 Bg5 35.hxg5 Nb3 36.Qe3 Nc1 37.Bb1 Qb6
38.g6 Kg7 39.f6+ Rxf6 40.exf6+ Qxf6 41.Rf4  1-0

[Event "National I"]
[Site "Bischwiller FRA"]
[Date "2003.02.01"]
[Round "2"]
[White "Nijboer,F"]
[Black "Glek,I"]
[Result "1-0"]
[WhiteElo "2553"]
[BlackElo "2576"]

1.e4 e6 2.d4 d5 3.Nc3 Nf6 4.e5 Nfd7 5.f4 c5 6.Nf3 Nc6 7.Be3 cxd4 8.Nxd4 Bc5
9.Qd2 O-O 10.O-O-O a6 11.Nb3 Bb4 12.Bd3 b5 13.g4 Bb7 14.Rhg1 Rc8 15.Rg3 Re8
16.Rh3 g6 17.Qf2 Bf8 18.g5 Nb4 19.Kb1 Nxd3 20.cxd3 Bc6 21.Ne2 b4 22.Nbd4 Ba4
23.b3 Bb5 24.Nxb5 axb5 25.Nd4 Qa5 26.Qh4 h5 27.gxh6 Rc3 28.h7+ Kh8 29.Qf2 Ra8
30.Qb2 Nc5 31.Bf2 Rc8 32.Bh4 Nd7 33.Be1 Qb6 34.Nf3 Be7 35.d4  1-0

[Event "National I"]
[Site "Montpellier FRA"]
[Date "2003.02.02"]
[Round "3"]
[White "Kazhgaleyev,M"]
[Black "Sharif,Me"]
[Result "1-0"]
[WhiteElo "2604"]
[BlackElo "2473"]

1.e4 e6 2.d4 d5 3.Nc3 Nf6 4.e5 Nfd7 5.f4 c5 6.Nf3 a6 7.Be3 Qb6 8.a3 Nc6 9.dxc5 Bxc5
10.Na4 Qa5+ 11.b4 Qxa4 12.bxc5 O-O 13.Bd3 d4 14.Nxd4 Nxc5 15.Be2 Bd7 16.Nxc6 Qxc6
17.Bxc5 Qxc5 18.Qxd7  1-0

[Event "National I"]
[Site "Sautron FRA"]
[Date "2003.02.02"]
[Round "3"]
[White "Apicella,M"]
[Black "Vallin,G"]
[Result "1/2-1/2"]
[WhiteElo "2501"]
[BlackElo "2412"]

1.e4 e6 2.d4 d5 3.Nc3 Nf6 4.e5 Nfd7 5.f4 c5 6.Nf3 Nc6 7.Be3 cxd4 8.Nxd4 Bc5
9.Qd2 O-O 10.Be2 a6 11.Rd1 Nxd4 12.Bxd4 Bxd4 13.Qxd4 Qb6 14.Qxb6 Nxb6 15.O-O Bd7
16.a3 Na4 17.Nxa4 Bxa4 18.Rd2 Rfc8 19.Rc1 Kf8 20.Kf2 Rc5 21.Ke3 Rac8 22.c3 Bb5
23.Bd1 Ke7 24.Bc2 h6 25.h4 h5 26.Rd4 g6 27.Rcd1 a5 28.R1d2 Bc4 29.Bd1 b6
30.Bf3 Rd8 31.Bd1 Rdc8 32.Kf2 Kf8 33.Bf3 Rd8 34.Bd1 Rdc8 35.Bf3 Rd8 36.Bd1 Rdc8  1/2-1/2

[Event "II Marcelo Salado Cup Gp A"]
[Site "Santa Clara CUB"]
[Date "2003.02.06"]
[Round "5"]
[White "Ruiz,O"]
[Black "Pozo Vera,S"]
[Result "1/2-1/2"]
[WhiteElo "2216"]
[BlackElo "2281"]

1.e4 e6 2.d4 d5 3.Nc3 Nf6 4.e5 Nfd7 5.f4 c5 6.Nf3 Nc6 7.Be3 a6 8.Qd2 b5 9.dxc5 Nxc5
10.Qf2 Nd7 11.g3 Qa5 12.Bh3 b4 13.Ne2 Nc5 14.O-O Ne4 15.Qe1 Bc5 16.Ned4 Qb6
17.Rd1 a5 18.Kg2 Ba6 19.Rh1 Rc8 20.f5 Nxd4 21.Bxd4 O-O 22.Qe3 exf5 23.Bxf5 Bxd4
24.Nxd4 Rce8 25.Qf4 g6 26.Bd7 Re7 27.Bc6 Qc5 28.Rhe1 Rc8 29.Ba4 Qb6 30.Rxe4 dxe4
31.Nf5 gxf5 32.Rd6 Qc7 33.Qg5+ Kh8  1/2-1/2

[Event "ch-RUS w 1st League"]
[Site "Serpukhov RUS"]
[Date "2003.02.20"]
[Round "1"]
[White "Ershova,S"]
[Black "Trotsenko,E"]
[Result "1-0"]
[WhiteElo "2258"]
[BlackElo "2096"]

1.e4 e6 2.d4 d5 3.Nc3 Nf6 4.e5 Nfd7 5.f4 c5 6.Nf3 Nc6 7.Be3 cxd4 8.Nxd4 Nxd4
9.Bxd4 a6 10.g3 Bc5 11.Bg2 Bxd4 12.Qxd4 Qb6 13.Ne2 Qxd4 14.Nxd4 Nb6 15.b3 O-O
16.O-O Bd7 17.a4 Rac8 18.Rf2 Rc3 19.Raf1 g6 20.Rf3 Rxf3 21.Rxf3 Rc8 22.a5 Na8
23.Re3 Rc5 24.b4 Rc4 25.c3 Rc8 26.Nb3 Bc6 27.Nc5 Nc7 28.Rd3 Bb5 29.Rd2 Rb8
30.g4 Bc4 31.Nd7 Rd8 32.Nb6 Bb5 33.c4 Bc6 34.Kf2 Kf8 35.Rd4 Ke7 36.f5 f6
37.exf6+ Kxf6 38.fxe6 Nxe6 39.Nxd5+ Bxd5 40.Rxd5 Rxd5 41.Bxd5 Nd8 42.b5 Ke5
43.Bxb7 axb5 44.a6 Ne6 45.a7 Nc7 46.cxb5  1-0

[Event "Open"]
[Site "Portsmouth ENG"]
[Date "2003.02.21"]
[Round "1"]
[White "Fysh Foskett,A"]
[Black "Buckley,Si"]
[Result "0-1"]
[WhiteElo "2075"]
[BlackElo "2266"]

1.e4 e6 2.d4 d5 3.Nc3 Nf6 4.e5 Nfd7 5.Nce2 c5 6.c3 Nc6 7.f4 Qa5 8.Nf3 cxd4
9.Nexd4 a6 10.Bd3 Be7 11.O-O g6 12.Be3 Qd8 13.Qe2 Nc5 14.Bc2 Bd7 15.Qf2 Nxd4
16.Bxd4 Rc8 17.g4 Bb5 18.Rfd1 h5 19.h3 Qc7 20.a4 Bd7 21.Qe3 a5 22.Kg2 b5
23.axb5 Bxb5 24.f5 hxg4 25.hxg4 gxf5 26.gxf5 Rg8+ 27.Kf2 Ne4+ 28.Bxe4 dxe4
29.Qxe4 Bc6 30.Qd3 Bxf3 31.Qxf3 Bh4+ 32.Ke2 Rg3 33.Qe4 Qc4+ 34.Rd3 exf5 35.Qxf5 Rb8
36.Rb1 Rg2+ 37.Kd1 Qb3+ 38.Kc1 Qc2+  0-1

[Event "Victor Ciocaltea Mem"]
[Site "Bucharest ROM"]
[Date "2003.03.07"]
[Round "4"]
[White "Iordachescu,V"]
[Black "Czebe,A"]
[Result "1-0"]
[WhiteElo "2550"]
[BlackElo "2466"]

1.e4 e6 2.d4 d5 3.Nc3 Nf6 4.e5 Nfd7 5.f4 c5 6.Nf3 Nc6 7.Be3 a6 8.Qd2 cxd4
9.Nxd4 Bc5 10.g3 Nxd4 11.Bxd4 b5 12.Ne2 O-O 13.Bg2 Bb7 14.c3 Rc8 15.O-O Nb6
16.b3 Nd7 17.Kh1 a5 18.a3 Qc7 19.b4 Bxd4 20.Nxd4 Qxc3 21.Qxc3 Rxc3 22.Nxb5 Rb3
23.Nd6 axb4 24.Nxb7 bxa3 25.Na5 Rc3 26.Rf3 Rfc8 27.Nb3 Rxf3 28.Bxf3 g5 29.Rxa3 gxf4
30.gxf4 Rc4 31.Ra8+ Kg7 32.Ra7 Nb8 33.f5 Nc6 34.Rb7 Kh6 35.fxe6 fxe6 36.Be2 Re4
37.Rb6 Nxe5 38.Rxe6+ Kg5 39.Nc1 Ng6 40.Rc6 Nf4 41.Bf1 h5 42.Kg1 Rb4 43.Rc2 Rd4
44.Kf2 Rb4 45.Rd2 Kf5 46.Ne2 Ke5 47.Ng1 Ne6 48.Nf3+ Kd6 49.Bg2 Rf4 50.Kg1 d4
51.Ne1 Rg4 52.h3 Rg3 53.Kf2 Rc3 54.Nf3 Kc5 55.Kf1 Kd5 56.h4 Ra3 57.Bh3 Ke4
58.Bg2 d3 59.Ng5+ Ke5 60.Nxe6 Kxe6 61.Bf3 Ke5 62.Bxh5 Kf6 63.Bd1 Rc3 64.Rb2 Rc1
65.Rb6+ Ke5 66.Ke1 Rc8 67.Kd2 Rd8 68.h5 Kf5 69.Rb5+ Kf6 70.Rb6+ Kf5 71.Rg6 Ke4
72.Rf6 Ke5 73.Rf1 Ke4 74.Bg4 Ke5 75.Bf5 Kf6 76.Bxd3+ Kg5 77.Rf5+ Kh6 78.Ke3 Rd6
79.Re5 Rf6 80.Bg6 Rf1 81.Ra5 Re1+ 82.Kf2 Re6 83.Ra8 Rb6 84.Rh8+ Kg5 85.Ke3 Ra6
86.Kd4 Re6 87.Be8 Re2 88.Rg8+ Kh6 89.Rg6+ Kh7 90.Bc6 Re7 91.Be4 Kh8 92.Rd6 Re8
93.Rd7 Rb8 94.Bg6 Ra8 95.Ke5 Rb8 96.Kf6 Rb6+ 97.Kg5 Rb8 98.Kh6 Kg8 99.Rg7+ Kf8
100.Rh7  1-0

[Event "Milovan Prvulj Mem"]
[Site "Pancevo YUG"]
[Date "2003.03.08"]
[Round "11"]
[White "Orlov,P"]
[Black "Robulj,N"]
[Result "0-1"]
[WhiteElo "2369"]
[BlackElo "2233"]

1.e4 e6 2.d4 d5 3.Nc3 Nf6 4.e5 Nfd7 5.f4 c5 6.Nf3 Nc6 7.Bd3 cxd4 8.Ne2 Nc5
9.Ng3 Be7 10.Bd2 Nxd3+ 11.cxd3 Qb6 12.Rb1 Nb4 13.Bxb4 Bxb4+ 14.Kf2 g6 15.Ne2 a5
16.g4 h5 17.gxh5 Rxh5 18.Ng3 Rh8 19.h4 Bd7 20.h5 O-O-O 21.a3 Be7 22.b4 axb4
23.h6 Kb8 24.axb4 Bb5 25.Qd2 Rc8 26.Ra1 Rc3 27.Qa2 Ba6 28.Ne2 Rxd3 29.b5 Qxb5
30.Rhb1 Rxf3+ 31.Kxf3  0-1

[Event "Spring Festival GM"]
[Site "Bucharest ROM"]
[Date "2003.03.09"]
[Round "7"]
[White "Itkis,B"]
[Black "Vasiesiu,D"]
[Result "1/2-1/2"]
[WhiteElo "2452"]
[BlackElo "2435"]

1.e4 e6 2.d4 d5 3.Nc3 Nf6 4.e5 Nfd7 5.f4 c5 6.Nf3 Nc6 7.Be3 a6 8.Qd2 cxd4
9.Nxd4 Bc5 10.g3 O-O 11.Bg2 Nxd4 12.Bxd4 Bxd4 13.Qxd4 Qc7 14.O-O b6 15.Kh1 Qc5
16.Qd2 a5 17.Rae1 Ba6 18.Rf2 Rac8 19.f5 Kh8 20.Rf4 exf5 21.Rd4 Bb7 22.Bxd5 Bxd5+
23.Rxd5 Qc6 24.Qg2 Rfe8 25.Nb5 Nf6 26.Rdd1 Ne4 27.Nd6 Nf2+ 28.Kg1 Qxg2+ 29.Kxg2 Nxd1
30.Nxe8 Rxc2+ 31.Kg1 Nf2 32.Nd6 Nh3+ 33.Kh1 Ng5 34.Re3 g6 35.h4 Ne6 36.Rb3 Kg7
37.Rxb6 Nd4 38.Kg1 Rd2 39.Nc4 Nf3+ 40.Kf1 Nh2+ 41.Kg1 Nf3+ 42.Kf1  1/2-1/2

[Event "TCh2-BEL 2002-3"]
[Site "Belgium BEL"]
[Date "2003.03.23"]
[Round "11"]
[White "Froeyman,H"]
[Black "Happel,H"]
[Result "1-0"]
[WhiteElo "2252"]
[BlackElo "2251"]

1.e4 e6 2.d4 d5 3.Nc3 Nf6 4.e5 Nfd7 5.f4 c5 6.Nf3 Nc6 7.Be3 a6 8.Qd2 b5 9.dxc5 Bxc5
10.Bxc5 Nxc5 11.Qf2 Qb6 12.Bd3 b4 13.Ne2 a5 14.O-O Ba6 15.Kh1 Bxd3 16.cxd3 Ra6
17.Rad1 Na4 18.Ned4 O-O 19.Rc1 Nxd4 20.Nxd4 Nc5 21.Qe3 Nd7 22.Rc2 f6 23.exf6 Rxf6
24.Rfc1 Qd6 25.g3 Nf8 26.Rc8 Qd7 27.Nf3 Qa4 28.Ne5 Qb5 29.R1c5 Qa4 30.b3 Qxa2
31.Nd7 Qxb3 32.Nxf6+ gxf6 33.f5 Qd1+ 34.Kg2 Qg4 35.Rxf8+ Kxf8 36.Qh6+ Ke8
37.Qxh7 Kd8 38.Qc7+ Ke8 39.Qb8+ Kd7 40.Qb7+ Kd6 41.Qc7+  1-0

[Event "Spring Open"]
[Site "Belgrade YUG"]
[Date "2003.04.01"]
[Round "8"]
[White "Klasan,V"]
[Black "Brakus,D"]
[Result "1-0"]
[WhiteElo "2102"]
[BlackElo "2015"]

1.e4 e6 2.d4 d5 3.Nc3 Nf6 4.e5 Nfd7 5.Nce2 c5 6.c3 Nc6 7.f4 Nb6 8.Nf3 Bd7
9.Ng3 cxd4 10.cxd4 Rc8 11.Be2 Bb4+ 12.Bd2 Qe7 13.a3 Bxd2+ 14.Qxd2 O-O 15.O-O Rc7
16.Bd3 g6 17.h4 Rfc8 18.h5 Qf8 19.Qf2 Ne7 20.Nh2 Ba4 21.Ng4 Bc2 22.Nf6+ Kh8
23.Qe2 Nf5 24.Nxf5 gxf5 25.Rf2 Bxd3 26.Qxd3 Nd7 27.Nxd7 Rxd7 28.Rc2 Rdc7
29.Rac1 Qd8 30.h6 Rxc2 31.Rxc2 Rxc2 32.Qxc2 Qf8 33.Qc7 Kg8 34.Qxb7 Qxh6 35.Qxa7 Qxf4
36.Qb8+ Kg7 37.Qb4 Qe3+ 38.Kf1 Qf4+ 39.Ke2 Qe4+ 40.Kf2 f4 41.Qc3 Qf5 42.a4  1-0